LEADER 01446nam--2200445---450- 001 990005807070203316 005 20130213094219.0 035 $a000580707 035 $aUSA01000580707 035 $a(ALEPH)000580707USA01 035 $a000580707 100 $a20130213d1967----km-y0itay50------ba 101 $aita$alat 102 $aIT 105 $a||||||||001yy 200 1 $aAntologia tacitiana$epassi scelti dall'Agricola, dalla Germania, dal Dialogus de oratoribus, dalle Historiae e dagli Annales$f[a cura di] Enrico Andreoli, Giuseppe Capaldi 205 $a6. ed 210 $aTorino$cPetrini$d1967 215 $aXVI, 341 p., [6] carte di tav. [1] carta genealogica ripiegata$d21 cm 500 11$aAgricola$m(Antologie)$913321 500 11$aGermania$m(Antologie)$913322 500 11$aDialogus de oratoribus$m(Antologie)$913323 500 11$aHistoriae$m(Antologie)$915391 500 11$aAnnales$m(Antologie)$915549 676 $a878 700 1$aTACITUS,$bPublius Cornelius$05717 702 1$aCAPALDI,$bGiuseppe 702 1$aANDREOLI,$bEnrico 801 0$aIT$bsalbc$gISBD 912 $a990005807070203316 951 $aXV.8. 1204$b225500 L.M.$cXV.8. 959 $aBK 969 $aFSO 979 $aIANNONE$b90$c20130213$lUSA01$h0942 996 $aGermania$913322 996 $aHistoriae$915391 996 $aDialogus de oratoribus$913323 996 $aAgricola$913321 996 $aAnnales$915549 997 $aUNISA LEADER 00981nam2-2200301---450 001 990005715730403321 005 20251120105257.0 035 $a000571573 035 $aFED01000571573 035 $a(Aleph)000571573FED01 100 $a19990604d1931----km-y0itay50------ba 101 0 $aita$alat 105 $acf------001yy 200 1 $a<<11.: >>Diplomatico Aragonese$eRe Alfonso I, 1435-1458$fper Eustachio Rogadeo 210 $aBari$c[V. Vecchi]$d1931 215 $aLI, 487 p.$c1 ritr.$d31 cm 461 0$1001000571494$12001$aCODICE diplomatico barese$fedito a cura della Commissione Provinciale di Archeologia e Storia Patria$v11 610 0 $aPuglia$aStoria$aFonti archivistiche$aSec. 15. 676 $a091 676 $a945.751 702 1$aRogadeo,$bEustachio 801 0$aIT$bUNINA$gRICA$2UNIMARC 901 $aBK 912 $a990005715730403321 952 $a7/III F 52$bbibl.18992$fFLFBC 959 $aFLFBC 996 $aDiplomatico Aragonese$9574279 997 $aUNINA